00696nam a2200205Ia 4500003000900000008004100009020001800050040001600068080001500084100002300099245010800122250001200230260003800242300001400280650001800294650002400312942000700336999001700343952013000360IN-BaIIA211028s9999 xx 000 0 eng d a0-07-462237-4 cIIA Library a621.9bMEH aMehta, N. K921905 0aMachine tool design and numerical controlcN. K. Mehta  a2nd ed. aNew DelhibTata McGraw-Hillc1996 aix, 505p. aMachine tools aTools design921906 cBK c12508d12508 00104070aBANbBANcGENd1998-06-01eINFO g165.00l0o621.9/ MEHp13425r2021-11-05v165.00w1998-06-01yBKGRs. 165.00